[Event "Cambridge Int Open 2023"]
[Site "Cambridge ENG"]
[Date "2023.02.17"]
[Round "5.15"]
[White "Hutchinson, Norman A"]
[Black "Hebden, Mark L"]
[Result "0-1"]
[BlackTitle "GM"]
[WhiteElo "1974"]
[BlackElo "2454"]
[WhiteFideId "411540"]
[BlackFideId "400084"]
[EventDate "2023.02.15"]

1. e4 e5 2. Nf3 Nc6 3. Bb5 a6 4. Ba4 Nf6 5. O-O Be7 6. Bxc6 dxc6 7. d3 Nd7 8.
Nbd2 f6 9. Nc4 Nc5 10. Nh4 Be6 11. Nf5 Bf8 12. b3 Qd7 13. Qf3 g6 14. Nfe3 Be7
15. a4 a5 16. Bd2 b6 17. Bc3 O-O 18. h4 Bxc4 19. Nxc4 Ne6 20. Qg4 Rad8 21. Rae1
b5 22. Nxa5 Ra8 23. Bd2 Rfd8 24. Kh2 Nd4 25. Qxd7 Rxd7 26. axb5 cxb5 27. Rc1 c5
28. b4 cxb4 29. Nb3 Nxb3 30. cxb3 Bf8 31. Rc6 Rxd3 32. Be3 f5 33. exf5 gxf5 34.
Bg5 Rxb3 35. Rd1 Rc3 36. Rb6 Bc5 37. Rb7 Bxf2 38. Rdd7 Bg3+ 39. Kh3 Bf4+ 0-1

[Event "Cambridge Int Open 2023"]
[Site "Cambridge ENG"]
[Date "2023.02.17"]
[Round "5.16"]
[White "Ismail, Mohammed Aayan"]
[Black "Pousada Garcia, Daniel"]
[Result "1-0"]
[WhiteElo "2211"]
[BlackElo "2077"]
[WhiteFideId "465135"]
[BlackFideId "2278642"]
[EventDate "2023.02.15"]

1. e4 c5 2. b3 Nf6 3. e5 Nd5 4. Bb2 e6 5. Nf3 Nc6 6. Nc3 Nxc3 7. dxc3 Be7 8. Bd3
d5 9. exd6 Qxd6 10. Qe2 Qf4 11. Bc1 Qf6 12. Bd2 O-O 13. O-O-O c4 14. Be4 Ba3+
15. Kb1 cxb3 16. cxb3 e5 17. Bg5 Qe6 18. Bc1 Bxc1 19. Rxc1 f6 20. Rcd1 Ne7 21.
Rhg1 Qb6 22. g4 Be6 23. Qc2 f5 24. gxf5 Rxf5 25. Rg5 Raf8 26. Rxf5 Bxf5 27. Ng5
Qg6 28. Bxf5 Nxf5 29. Ne4 Qc6 30. Qd3 Ne7 31. Ng5 Qg6 32. Qxg6 Nxg6 33. Rd2 h6
34. Ne4 Rf4 35. Nd6 b6 36. Nc8 Rf7 37. c4 Nf4 38. Nd6 Rf8 39. Nb5 Rf7 40. b4 Nh3
41. c5 bxc5 42. bxc5 a6 43. c6 axb5 44. Rd7 Rf6 45. c7 Rc6 46. Rd8+ Kf7 47. c8=Q
Rxc8 48. Rxc8 Ke6 49. Rc5 Nxf2 50. Rxb5 Ne4 51. Kc2 g5 52. Kd3 Nd6 53. Rc5 h5
54. a4 Nb7 55. Rc7 Nd6 56. a5 e4+ 57. Ke3 Kd5 58. a6 Nf5+ 59. Kf2 e3+ 60. Ke2
Ke4 61. Rc4+ Kd5 62. a7 1-0

[Event "Cambridge Int Open 2023"]
[Site "Cambridge ENG"]
[Date "2023.02.17"]
[Round "5.20"]
[White "Liu, Tianyi (Jack)"]
[Black "Walker, Martin G"]
[Result "0-1"]
[BlackTitle "FM"]
[WhiteElo "1865"]
[BlackElo "2133"]
[WhiteFideId "8627894"]
[BlackFideId "410969"]
[EventDate "2023.02.15"]

1. e4 e5 2. Nf3 Nc6 3. Bb5 a6 4. Ba4 Nf6 5. O-O Nxe4 6. d4 b5 7. Bb3 d5 8. dxe5
Be6 9. c3 Be7 10. Nbd2 Nc5 11. Bc2 d4 12. cxd4 Nxd4 13. Nxd4 Qxd4 14. Nf3 Qxd1
15. Rxd1 O-O 16. Nd4 Rfd8 17. Be3 Bd5 18. f4 Ne6 19. Nxe6 fxe6 20. Bb3 c5 21.
Bc2 g6 22. g4 Kf7 23. f5 gxf5 24. gxf5 Rg8+ 25. Kf1 Bc4+ 26. Bd3 Bxd3+ 27. Rxd3
exf5 28. Rad1 Rad8 29. Rxd8 Rxd8 30. Rxd8 Bxd8 31. Bxc5 Ke6 32. Ke2 Bc7 33. h3
Bxe5 34. b3 Kd5 35. Bf2 Ke4 36. a4 b4 37. Bc5 Bc3 38. Bd6 f4 39. Be7 f3+ 40. Kf2
Kd3 41. Kxf3 Kc2 42. Ke2 Kxb3 43. Kd3 Ka2 44. Bxb4 Bxb4 45. Kc4 a5 46. Kd4 0-1

[Event "Cambridge Int Open 2023"]
[Site "Cambridge ENG"]
[Date "2023.02.17"]
[Round "5.21"]
[White "Banerjee, Supratit"]
[Black "Murphy, Hugh W"]
[Result "1-0"]
[WhiteElo "1740"]
[BlackElo "2111"]
[WhiteFideId "2410079"]
[BlackFideId "422444"]
[EventDate "2023.02.15"]

1. e4 c6 2. d4 d5 3. Nd2 dxe4 4. Nxe4 Nf6 5. Nxf6+ exf6 6. c3 Bd6 7. Bd3 Be6 8.
Ne2 Qc7 9. Qc2 Nd7 10. Be3 g6 11. a3 Bd5 12. Be4 O-O 13. h4 Bxe4 14. Qxe4 f5 15.
Qf3 h5 16. O-O Rfe8 17. g3 Re4 18. c4 Rae8 19. c5 Bf8 20. Nc3 R4e6 21. Bf4 Qc8
22. b4 Bg7 23. Rad1 b6 24. d5 cxd5 25. Nxd5 Be5 26. cxb6 axb6 27. Rc1 Qa8 28.
Kg2 Bxf4 29. Nxf4 Qxf3+ 30. Kxf3 Ne5+ 31. Kg2 Rd6 32. Rfe1 Kf8 33. Rc7 Rd2 34.
Nh3 Ra2 35. Ng5 Rxf2+ 36. Kh1 Ra2 37. Nh7+ Kg7 38. Ng5 Kg8 39. Nxf7 Rh2+ 40.
Kxh2 Ng4+ 41. Kg2 Rxe1 42. Ng5 Re2+ 43. Kg1 Re3 44. Rc8+ Kg7 45. Rc7+ Kf8 46.
Rc6 Ne5 47. Rxb6 Rxg3+ 48. Kf2 Rxa3 49. Rb8+ Ke7 50. Rb7+ Kd6 51. Rb6+ Kd7 52.
Rb7+ Kc6 53. Rg7 Rb3 54. Nf7 Nd3+ 55. Kg3 Nxb4+ 56. Kh2 Kd5 57. Rxg6 Nd3 58.
Rd6+ Ke4 59. Ng5+ Ke5 60. Rd8 Rb2+ 61. Kg1 Rd2 62. Nf3+ 1-0

[Event "Cambridge Int Open 2023"]
[Site "Cambridge ENG"]
[Date "2023.02.17"]
[Round "5.22"]
[White "Britnell, Jonathan"]
[Black "Waller, Dan"]
[Result "0-1"]
[WhiteElo "1708"]
[BlackElo "2117"]
[WhiteFideId "445932"]
[BlackFideId "451053"]
[EventDate "2023.02.15"]

1. e4 c5 2. Nf3 g6 3. d4 cxd4 4. Nxd4 Nc6 5. Nc3 Bg7 6. Be3 Nf6 7. Bc4 O-O 8.
Bb3 a6 9. f3 Qc7 10. Qd2 b5 11. O-O-O Bb7 12. h4 h5 13. g4 e6 14. Nxc6 Bxc6 15.
Bf4 Qb6 16. e5 Nh7 17. Rh3 b4 18. Ne2 a5 19. gxh5 a4 20. Bc4 Rfc8 21. hxg6 fxg6
22. Bd3 b3 23. axb3 axb3 24. c3 Ra1+ 25. Bb1 Qa5 26. Qd3 Bb5 27. Qxg6 Nf8 28.
Qg2 Bxe2 29. Bh6 Rxc3+ 30. Kd2 Rc2+ 31. Ke3 Qxe5+ 0-1

[Event "Cambridge Int Open 2023"]
[Site "Cambridge ENG"]
[Date "2023.02.17"]
[Round "5.23"]
[White "Krivenko, Dion"]
[Black "Weersing, Abigail Riis"]
[Result "0-1"]
[WhiteElo "2155"]
[BlackElo "1827"]
[WhiteFideId "4508378"]
[BlackFideId "460036"]
[EventDate "2023.02.15"]

1. e4 e6 2. f4 d5 3. e5 c5 4. Nf3 Nc6 5. c3 Bd7 6. Na3 Nge7 7. Nc2 Qb6 8. Be2
Ng6 9. d4 cxd4 10. Ncxd4 Bc5 11. O-O O-O 12. Kh1 f6 13. Nxc6 Bxc6 14. Bd3 Bb5
15. b4 Be7 16. Bxb5 Qxb5 17. Nd4 Qd7 18. Nxe6 Qxe6 19. f5 Qxe5 20. fxg6 hxg6 21.
Re1 Qd6 22. Bf4 Qd7 23. Qd3 f5 24. Rad1 Rad8 25. Qg3 Bd6 26. Be5 Bxe5 27. Rxe5
Rfe8 28. h3 Rxe5 29. Qxe5 Qd6 30. Qd4 a6 31. a4 Qc6 32. c4 Qxa4 33. cxd5 Rd7 34.
Rc1 Qa2 35. Rd1 Qe2 36. Rd2 Qe4 37. Kg1 Kf7 38. Qb2 Rxd5 39. Re2 Qd4+ 40. Kf1
Qf4+ 41. Ke1 Qg3+ 42. Rf2 Qe3+ 43. Re2 Qg1# 0-1

[Event "Cambridge Int Open 2023"]
[Site "Cambridge ENG"]
[Date "2023.02.17"]
[Round "5.24"]
[White "Palucha, Szymon"]
[Black "Golsta, Ramona"]
[Result "1-0"]
[WhiteElo "1980"]
[BlackElo "1777"]
[WhiteFideId "430005"]
[BlackFideId "11607394"]
[EventDate "2023.02.15"]

1. e4 e5 2. Nf3 Nc6 3. Bb5 a6 4. Ba4 Nf6 5. O-O Bc5 6. d3 d6 7. c3 Ba7 8. Nbd2
O-O 9. h3 b5 10. Bb3 h6 11. Re1 Re8 12. Nf1 Bb7 13. Ng3 Na5 14. Bc2 c5 15. a4
Nc6 16. Nh2 Ne7 17. Ng4 Nxg4 18. hxg4 Ng6 19. Nf5 Bc8 20. g3 d5 21. Qf3 d4 22.
Kg2 c4 23. axb5 axb5 24. Rh1 Bxf5 25. gxf5 Nf8 26. Qg4 Kh7 27. Bxh6 gxh6 28.
Rxh6+ 1-0

[Event "Cambridge Int Open 2023"]
[Site "Cambridge ENG"]
[Date "2023.02.17"]
[Round "5.25"]
[White "Blinov, Roman"]
[Black "Senior, Gary"]
[Result "0-1"]
[WhiteElo "1731"]
[BlackElo "2086"]
[WhiteFideId "343104478"]
[BlackFideId "470937"]
[EventDate "2023.02.15"]

1. d4 f5 2. Nc3 d5 3. Bf4 a6 4. e3 Nf6 5. Nf3 e6 6. Bd3 c5 7. O-O Nc6 8. dxc5
Bxc5 9. Na4 Ba7 10. b3 Bb8 11. Bxb8 Rxb8 12. c4 dxc4 13. bxc4 e5 14. Be2 Qa5 15.
Qb3 O-O 16. Rad1 Ne4 17. Bd3 Nc5 18. Nxc5 Qxc5 19. Be2 Kh8 20. Rd5 Qe7 21. Rfd1
Be6 22. Rd6 Nd4 23. exd4 Qxd6 24. Nxe5 b5 25. Qg3 f4 26. Qh4 Bxc4 27. Bh5 Kg8
28. Bg4 Rbd8 29. Bf3 Bd5 30. Bxd5+ Qxd5 31. Qg4 Rde8 32. a3 a5 33. h3 b4 34.
axb4 axb4 35. Nd7 h5 36. Nb6 Qc6 37. Qxh5 Qxb6 38. d5 Qd6 0-1

[Event "Cambridge Int Open 2023"]
[Site "Cambridge ENG"]
[Date "2023.02.17"]
[Round "5.26"]
[White "Volovich, Julia"]
[Black "Golubovic, Erik"]
[Result "0-1"]
[WhiteElo "1830"]
[BlackElo "1887"]
[WhiteFideId "447099"]
[BlackFideId "14586908"]
[EventDate "2023.02.15"]

1. d4 d5 2. c4 e6 3. Nc3 c5 4. cxd5 exd5 5. Nf3 Nc6 6. dxc5 d4 7. Na4 Bxc5 8.
Nxc5 Qa5+ 9. Bd2 Qxc5 10. Rc1 Qb6 11. e3 Nf6 12. Bc4 O-O 13. O-O Bg4 14. exd4
Rad8 15. Be3 Qxb2 16. d5 Bxf3 17. gxf3 Qe5 18. Bc5 Nxd5 19. Bxf8 Nf4 20. h4 Rxd1
21. Rfxd1 Kxf8 22. Rd7 Qf5 23. Rxf7+ Qxf7 24. Bxf7 Ne2+ 25. Kf1 Nxc1 26. Bc4 Ne5
27. Bd5 Ncd3 28. Bxb7 Nf4 29. Be4 h6 30. Ke1 Ke7 31. Kd2 Kd6 32. Ke3 Ng2+ 33.
Kd4 Nxh4 34. f4 Nd7 35. Kc4 Nc5 36. Bc2 Ng2 37. f5 Ne1 38. Bb1 h5 39. Kd4 h4 40.
f6 gxf6 41. Bf5 Nf3+ 42. Ke3 Ng5 43. Kf4 Nce6+ 44. Kg4 Ke5 0-1

[Event "Cambridge Int Open 2023"]
[Site "Cambridge ENG"]
[Date "2023.02.17"]
[Round "5.27"]
[White "Bowers, Francis J"]
[Black "Jermy, Jaden"]
[Result "0-1"]
[WhiteElo "1855"]
[BlackElo "1798"]
[WhiteFideId "438383"]
[BlackFideId "459496"]
[EventDate "2023.02.15"]

1. e4 c5 2. Nf3 e6 3. d4 cxd4 4. Nxd4 a6 5. Nc3 Qc7 6. a3 Nf6 7. Be3 b5 8. Bd3
Bb7 9. O-O Be7 10. f4 d6 11. Qf3 Nc6 12. Qg3 O-O 13. f5 Nxd4 14. Bxd4 e5 15. Be3
Kh8 16. Qh3 d5 17. Bg5 Nxe4 18. Bxe7 Qxe7 19. Bxe4 dxe4 20. Rae1 f6 21. Nxe4
Rac8 22. c3 Rfd8 23. Qe3 Rc4 24. Nd2 Rg4 25. Re2 Qd7 26. Nf3 Re4 27. Qf2 Rxe2
28. Qxe2 Qxf5 29. c4 e4 30. Nd2 Qc5+ 31. Kh1 e3 32. Nf3 bxc4 33. Rc1 h6 34. Rxc4
Bxf3 35. gxf3 Rd2 36. Rxc5 Rxe2 37. Rc8+ Kh7 38. Re8 Rxb2 39. Rxe3 Ra2 40. Kg1
Kg6 41. Rc3 Kf5 42. Rb3 Kf4 43. Rc3 h5 44. Rb3 h4 45. Rc3 f5 46. Rb3 a5 47. Rc3
h3 48. Rd3 Rg2+ 49. Kh1 Re2 50. Kg1 Re3 51. Rd5 Rxa3 52. Rd4+ Kxf3 53. Rd1 g5
54. Kh1 a4 55. Rf1+ Kg4 56. Rg1+ Kf4 57. Rf1+ Rf3 58. Ra1 a3 59. Rg1 a2 60. Ra1
g4 61. Rg1 Ra3 62. Rf1+ Kg5 63. Ra1 Rb3 64. Kg1 Rb1+ 65. Rxb1 axb1=Q+ 66. Kf2
Qe4 67. Kf1 g3 68. hxg3 h2 69. Kf2 h1=Q 70. g4 Qhg2# 0-1

[Event "Cambridge Int Open 2023"]
[Site "Cambridge ENG"]
[Date "2023.02.17"]
[Round "5.28"]
[White "Rida, Ruqayyah"]
[Black "Larchikov, Maksym"]
[Result "1-0"]
[WhiteElo "1669"]
[BlackElo "1901"]
[WhiteFideId "343272375"]
[BlackFideId "34120815"]
[EventDate "2023.02.15"]

1. e4 c5 2. Nf3 d6 3. d4 cxd4 4. Nxd4 Nf6 5. Nc3 a6 6. f3 e5 7. Nb3 Be6 8. Be3
Be7 9. Qd2 O-O 10. O-O-O Nbd7 11. g4 Qc7 12. Kb1 Rfc8 13. g5 Nh5 14. Nd5 Bxd5
15. exd5 a5 16. a4 Nb6 17. Bxb6 Qxb6 18. Bb5 Qd8 19. h4 f5 20. gxf6 Bxf6 21.
Rdg1 Nf4 22. Nd4 Kh8 23. Nf5 Rc5 24. c4 Rc7 25. Qh2 Rac8 26. Rc1 Nd3 27. Rcd1
Nf4 28. Ng3 Rxc4 29. Bxc4 Rxc4 30. Rc1 Rxc1+ 31. Rxc1 Nd3 32. Rc4 e4 33. Qc2 Qb6
34. Nxe4 Nb4 35. Nxf6 gxf6 36. Qg2 Qd8 37. Qg4 f5 38. Qxf5 1-0

[Event "Cambridge Int Open 2023"]
[Site "Cambridge ENG"]
[Date "2023.02.17"]
[Round "5.29"]
[White "Pert, Max"]
[Black "Matthews, Adrian M S"]
[Result "1-0"]
[WhiteElo "1793"]
[BlackElo "1781"]
[WhiteFideId "456845"]
[BlackFideId "413631"]
[EventDate "2023.02.15"]

1. d4 Nf6 2. Bg5 c5 3. Nc3 Qb6 4. e3 e6 5. Qd2 Be7 6. Nf3 d6 7. O-O-O O-O 8. h4
Nc6 9. h5 Nb4 10. h6 g6 11. Kb1 a5 12. a3 a4 13. Qe2 Nbd5 14. Nxd5 Nxd5 15. Qc4
Qc7 16. e4 b5 17. Qe2 Nb6 18. Bxe7 Qxe7 19. Qxb5 Ba6 20. Qxb6 Rfb8 21. Qa5 Bxf1
22. Qc3 Bxg2 23. dxc5 Qf8 24. Rh2 Bxf3 25. Qxf3 dxc5 26. Rhh1 Rd8 27. Qe3 f6 28.
Rd3 Rxd3 29. cxd3 Qd6 30. Rc1 Rd8 31. Rxc5 Qxd3+ 32. Qxd3 Rxd3 33. Rc8+ Kf7 34.
Rc7+ Kg8 35. Rg7+ Kh8 36. Rf7 Kg8 37. Rxf6 Rh3 38. Rxe6 Kf7 39. Ra6 Rxh6 40.
Rxa4 Rh4 41. Rb4 h5 42. a4 Rh1+ 43. Ka2 h4 44. a5 h3 45. a6 h2 46. a7 Ra1+ 47.
Kxa1 h1=Q+ 48. Ka2 Qe1 49. Rb7+ 1-0

[Event "Cambridge Int Open 2023"]
[Site "Cambridge ENG"]
[Date "2023.02.17"]
[Round "5.30"]
[White "Dasgupta, Avyukt"]
[Black "OShea, Colm"]
[Result "0-1"]
[WhiteElo "1888"]
[BlackElo "1677"]
[WhiteFideId "480630"]
[BlackFideId "449660"]
[EventDate "2023.02.15"]

1. d4 d5 2. Bf4 c5 3. e3 Nc6 4. c3 Bf5 5. dxc5 e5 6. Bg3 Bxc5 7. Bb5 f6 8. Nf3
Ne7 9. Nbd2 O-O 10. Qe2 Bg4 11. e4 d4 12. Qc4+ Kh8 13. Qxc5 dxc3 14. Qxc3 Qb6
15. Bxc6 Nxc6 16. O-O Rac8 17. Rac1 Nd4 18. Qxc8 Rxc8 19. Rxc8+ Bxc8 20. Nxd4
Qxd4 21. Rc1 Be6 22. Nb3 Qxb2 23. Rd1 Qxa2 24. Nc1 Qc2 25. Re1 a5 26. f3 a4 0-1

[Event "Cambridge Int Open 2023"]
[Site "Cambridge ENG"]
[Date "2023.02.17"]
[Round "5.31"]
[White "Patel, Zain"]
[Black "Donnelly, Andrew J"]
[Result "0-1"]
[WhiteElo "1890"]
[BlackElo "1522"]
[WhiteFideId "469246"]
[BlackFideId "472344"]
[EventDate "2023.02.15"]

1. d4 Nf6 2. Nf3 g6 3. c4 Bg7 4. Nc3 d6 5. e4 O-O 6. Be2 e5 7. dxe5 dxe5 8. Qxd8
Rxd8 9. Bg5 c6 10. Nxe5 Re8 11. O-O-O Nxe4 12. Nxe4 Bxe5 13. Rhe1 Nd7 14. Bf3
Re6 15. Bh6 Bg7 16. Bxg7 Kxg7 17. c5 f5 18. Nd6 Nxc5 19. Rxe6 Bxe6 20. b4 Na6
21. b5 Nb4 22. Nxb7 cxb5 23. Kb2 Rc8 24. Rd2 Nxa2 25. Re2 Kf6 26. g4 Nb4 27. g5+
Ke7 28. Na5 Nd3+ 29. Ka3 Rc3+ 30. Nb3 Rxb3+ 31. Ka2 Nc1+ 0-1

[Event "Cambridge Int Open 2023"]
[Site "Cambridge ENG"]
[Date "2023.02.17"]
[Round "5.32"]
[White "Gardiner, Eric D"]
[Black "Catabay, Mae Katelyn Rose"]
[Result "1/2-1/2"]
[WhiteElo "1883"]
[BlackElo "1525"]
[WhiteFideId "435880"]
[BlackFideId "484768"]
[EventDate "2023.02.15"]

1. d4 Nf6 2. Bg5 Ne4 3. Bf4 d5 4. f3 Nd6 5. Nc3 e6 6. e4 c6 7. Qd2 Bd7 8. b3 Be7
9. Bd3 O-O 10. Nge2 f5 11. O-O Be8 12. exf5 Nxf5 13. Nd1 c5 14. Bxf5 exf5 15.
dxc5 Bxc5+ 16. Be3 Bb6 17. Bxb6 Qxb6+ 18. Kh1 Bf7 19. Ne3 Qf6 20. Nxd5 Qd6 21.
c4 Rd8 22. Nec3 Nc6 23. Rad1 Qc5 24. Qf4 Bg6 25. Nb5 Rac8 26. Nbc7 Qa3 27. Rd2
Bf7 28. Rfd1 Bg6 29. Nb5 Qf8 30. Nd4 Qf7 31. Nxc6 bxc6 32. Nc3 Qf6 33. Rxd8+
Rxd8 34. Rxd8+ Qxd8 35. h3 Qe8 36. Kh2 h6 37. Qd6 Bh5 38. Qf4 Qe6 39. Nb1 Be8
40. c5 Bf7 41. Nd2 g5 42. Qd4 Qe1 43. Nc4 f4 44. Nd6 Qg3+ 45. Kh1 Be6 46. Ne4
Qe1+ 47. Kh2 Bd5 48. Nf6+ Kf8 49. Nxd5 cxd5 50. Qg1 Qg3+ 51. Kh1 g4 52. fxg4 f3
53. gxf3 Qxh3+ 54. Qh2 Qf1+ 55. Qg1 Qh3+ 56. Qh2 Qf1+ 57. Qg1 Qh3+ 58. Qh2 Qf1+
59. Qg1 1/2-1/2

[Event "Cambridge Int Open 2023"]
[Site "Cambridge ENG"]
[Date "2023.02.17"]
[Round "5.33"]
[White "Gardner, Phillip K"]
[Black "Brocklehurst, Andrew"]
[Result "0-1"]
[WhiteElo "1814"]
[BlackElo "1816"]
[WhiteFideId "413690"]
[BlackFideId "424765"]
[EventDate "2023.02.15"]

1. e4 g6 2. d4 Bg7 3. Nf3 d6 4. h3 Nf6 5. Bd3 c6 6. O-O O-O 7. Be3 Qc7 8. c4 e5
9. dxe5 dxe5 10. Nc3 Rd8 11. c5 Nbd7 12. Qe2 Nf8 13. Bc4 Be6 14. Rfd1 Bxc4 15.
Qxc4 Ne6 16. Ne2 Nh5 17. g3 Rd7 18. Kg2 Rad8 19. Rxd7 Rxd7 20. Rc1 Qd8 21. b4
Nd4 22. g4 Nxf3 23. Kxf3 Qf6+ 24. Kg2 Nf4+ 25. Kh2 Qh4 26. Bxf4 Qxf2+ 27. Kh1
exf4 28. Qc2 f3 0-1

[Event "Cambridge Int Open 2023"]
[Site "Cambridge ENG"]
[Date "2023.02.17"]
[Round "5.34"]
[White "Bryant, Harry"]
[Black "Kemp, Paul R"]
[Result "1/2-1/2"]
[WhiteElo "1686"]
[BlackElo "1984"]
[WhiteFideId "489158"]
[BlackFideId "415251"]
[EventDate "2023.02.15"]

1. e4 c6 2. Nc3 d5 3. Nf3 Bg4 4. h3 Bxf3 5. Qxf3 Nf6 6. Be2 d4 7. Nb1 c5 8. d3
Nc6 9. Nd2 Qc7 10. a4 g6 11. Nc4 Nd7 12. Bf4 e5 13. Bh2 Bg7 14. g4 O-O 15. Qg3
Nb6 16. O-O Nxc4 17. dxc4 Rae8 18. Bd3 Nd8 19. f4 exf4 20. Qxf4 Be5 21. Qf2
Bxh2+ 22. Qxh2 Qxh2+ 23. Kxh2 Re5 24. Rf6 Ne6 25. h4 Kg7 26. Raf1 h6 27. Kg3 g5
28. R1f5 Rxf5 29. Rxf5 Re8 1/2-1/2

[Event "Cambridge Int Open 2023"]
[Site "Cambridge ENG"]
[Date "2023.02.17"]
[Round "5.36"]
[White "Adams, Henry"]
[Black "Adams, George"]
[Result "1/2-1/2"]
[WhiteElo "1738"]
[BlackElo "1494"]
[WhiteFideId "464562"]
[BlackFideId "487643"]
[EventDate "2023.02.15"]

1. e4 e5 2. Nf3 Nc6 3. Bc4 Nf6 4. d3 Be7 5. O-O O-O 6. Re1 d6 7. a4 Be6 8. Bxe6
fxe6 9. c3 a5 10. Nbd2 Nd7 11. Nf1 d5 12. Ng3 Rf7 13. Qc2 d4 14. Ne2 Nf8 15. Rd1
h6 16. Qb3 Rb8 17. Qc4 Bf6 18. Bd2 g5 19. Rf1 Qd6 20. Rad1 Ng6 21. g3 Bg7 22.
Ne1 Rbf8 23. Nc2 g4 24. Na3 h5 25. Qb5 b6 26. Nc4 Qd7 27. cxd4 Nxd4 28. Nxd4
Qxd4 29. Bc3 Qd7 30. Kg2 h4 31. Ne3 h3+ 32. Kg1 Qd8 33. Qc6 Qf6 34. d4 Bh6 35.
f4 gxf3 36. Ng4 Be3+ 37. Kh1 Qg5 38. Qxe6 Kg7 39. dxe5 Bc5 1/2-1/2

[Event "Cambridge Int Open 2023"]
[Site "Cambridge ENG"]
[Date "2023.02.17"]
[Round "5.37"]
[White "Berkley, Stephen W"]
[Black "Soulier, Alfred"]
[Result "1/2-1/2"]
[WhiteElo "1615"]
[BlackElo "1722"]
[WhiteFideId "486850"]
[BlackFideId "486264"]
[EventDate "2023.02.15"]

1. d4 Nf6 2. c4 g6 3. Nc3 Bg7 4. e4 d6 5. Nge2 O-O 6. Ng3 h5 7. Be2 h4 8. Nf1 e5
9. d5 Nh7 10. f3 f5 11. Be3 b6 12. Qc2 a5 13. Nd2 Na6 14. a3 Bd7 15. O-O-O Nc5
16. Rdg1 Qe7 17. g3 h3 18. Kb1 Rfb8 19. Ka2 Qe8 20. Rb1 Nf6 21. Qd1 fxe4 22.
fxe4 c6 23. Bxc5 bxc5 24. dxc6 Bxc6 25. Nd5 Nxd5 26. exd5 Bd7 27. Bg4 Qc8 28.
Bxd7 Qxd7 29. Ne4 Rf8 30. Rf1 Rxf1 31. Qxf1 Rf8 32. Qe2 1/2-1/2

[Event "Cambridge Int Open 2023"]
[Site "Cambridge ENG"]
[Date "2023.02.17"]
[Round "5.38"]
[White "Sefton, Adam"]
[Black "Gamal, Alaa"]
[Result "1-0"]
[WhiteElo "1529"]
[BlackElo "1725"]
[WhiteFideId "343400965"]
[BlackFideId "469114"]
[EventDate "2023.02.15"]

1. e4 d6 2. d4 Nf6 3. Nc3 g6 4. f4 Bg7 5. Nf3 O-O 6. Bc4 c6 7. Bb3 Bg4 8. h3
Bxf3 9. Qxf3 e6 10. Be3 d5 11. e5 Nfd7 12. Ne2 c5 13. c3 b6 14. g4 c4 15. Bxc4
Nc6 16. Bd3 f6 17. Qg3 fxe5 18. fxe5 Ndxe5 19. dxe5 Nxe5 20. Bf4 Nxd3+ 21. Qxd3
e5 22. Bg3 e4 23. Qc2 Bh6 24. Nd4 Qg5 25. Qe2 Rf3 26. Nxf3 exf3 27. Qe6+ Kf8 28.
Bd6+ Kg7 29. Qe5+ Qxe5+ 30. Bxe5+ Kg8 31. Kf2 Re8 32. Rhe1 Bd2 33. Red1 Bg5 34.
Rxd5 Bh4+ 35. Kxf3 Rf8+ 36. Ke3 Re8 37. Ke4 h5 38. gxh5 g5 39. Rad1 Kh7 40. Rd7+
Kh6 1-0

[Event "Cambridge Int Open 2023"]
[Site "Cambridge ENG"]
[Date "2023.02.17"]
[Round "5.41"]
[White "Norris, Anthony"]
[Black "Rastogi, Nayan Keats"]
[Result "1-0"]
[WhiteElo "1917"]
[BlackElo "1421"]
[WhiteFideId "2077779"]
[BlackFideId "343407579"]
[EventDate "2023.02.15"]

1. e4 c5 2. c3 Nf6 3. e5 Nd5 4. d4 cxd4 5. Nf3 Nc6 6. cxd4 d6 7. Bc4 Nb6 8. Bb5
dxe5 9. Nxe5 Bd7 10. Nxd7 Qxd7 11. Nc3 e6 12. O-O a6 13. Bxc6 Qxc6 14. Qg4 h5
15. Qg5 Rd8 16. Be3 Rh6 17. g3 h4 18. Rac1 f6 19. Qg4 f5 20. Qe2 Rh8 21. d5 Nxd5
22. Nxd5 Qxd5 23. Rfd1 Qa5 24. Rxd8+ Qxd8 25. Bg5 Qd7 26. Bxh4 Kf7 27. Rd1 Qc8
28. Qd2 Kg6 29. Qg5+ Kf7 30. Rd8 Qc7 31. Qd2 Kg6 32. Rd7 Qc8 33. Qg5+ Kh7 34.
Qh5+ Kg8 35. Qf7+ Kh7 36. Qxe6 Qc1+ 37. Kg2 Qc6+ 38. Qxc6 bxc6 39. Bf6 Kg6 40.
Bc3 Bc5 41. Rxg7+ Kh5 42. Rf7 Kg6 43. Rxf5 Rxh2+ 44. Kxh2 Kxf5 45. Kg2 Bd6 46.
Kf3 c5 47. g4+ Kg5 48. Bd2+ Kg6 49. Ke4 1-0

[Event "Cambridge Int Open 2023"]
[Site "Cambridge ENG"]
[Date "2023.02.17"]
[Round "5.42"]
[White "Gonzales, Ceferino"]
[Black "Keerthi Kumar, Advait"]
[Result "1-0"]
[WhiteElo "1509"]
[BlackElo "1483"]
[WhiteFideId "5219590"]
[BlackFideId "498033"]
[EventDate "2023.02.15"]

1. c4 Nf6 2. Nc3 g6 3. e4 d6 4. d4 Bg7 5. Bd3 Nc6 6. Nge2 e5 7. d5 Ne7 8. b4 Nd7
9. Bg5 O-O 10. Qd2 a5 11. bxa5 Nc5 12. Bc2 Rxa5 13. Bh6 f5 14. Bxg7 Kxg7 15.
exf5 Bxf5 16. Bxf5 Nxf5 17. O-O b6 18. f4 Qe7 19. Rae1 e4 20. g4 Nh6 21. g5 Nf5
22. Nd4 Raa8 23. Ne6+ Nxe6 24. Rxe4 Kg8 25. Rxe6 Qd7 26. Ne4 c5 27. Nf6+ Rxf6
28. gxf6 Nd4 29. f5 Nxf5 30. Rxf5 1-0

[Event "Cambridge Int Open 2023"]
[Site "Cambridge ENG"]
[Date "2023.02.17"]
[Round "5.45"]
[White "Zhu, Pengxiao"]
[Black "Moni, Claudio"]
[Result "1-0"]
[WhiteElo "1437"]
[BlackElo "1562"]
[WhiteFideId "499307"]
[BlackFideId "487465"]
[EventDate "2023.02.15"]

1. d4 Nf6 2. c4 e6 3. Nc3 Bb4 4. Qc2 b6 5. e4 c5 6. d5 Qe7 7. Bg5 exd5 8. Bxf6
Qxf6 9. cxd5 O-O 10. Nf3 d6 11. Be2 Re8 12. O-O Ba6 13. Qa4 b5 14. Bxb5 Bxb5 15.
Qxb5 Rd8 16. Rfe1 Bxc3 17. bxc3 Qxc3 18. e5 a6 19. Qb7 Nd7 20. e6 fxe6 21. dxe6
Ne5 22. Nxe5 dxe5 23. e7 Re8 24. Rad1 Kf7 25. Qd5+ Kxe7 26. Rxe5+ Kf6 27. Rf5+
Kg6 28. Qf7+ 1-0

[Event "Cambridge Int Open 2023"]
[Site "Cambridge ENG"]
[Date "2023.02.17"]
[Round "5.46"]
[White "Li, Evan"]
[Black "Hutchinson, Paul A"]
[Result "0-1"]
[WhiteElo "1394"]
[BlackElo "2070"]
[WhiteFideId "486884"]
[BlackFideId "411558"]
[EventDate "2023.02.15"]

1. e4 c6 2. d4 d5 3. exd5 cxd5 4. Nf3 Bg4 5. Be2 Nc6 6. h3 Bxf3 7. Bxf3 e6 8.
O-O Bd6 9. Re1 Nge7 10. Bg5 Qb6 11. b3 Qxd4 12. Nd2 O-O 13. c4 Bb4 14. cxd5 Nxd5
15. Bxd5 Qxd5 16. Be3 Rfd8 17. Re2 Nd4 18. Nc4 Nxe2+ 19. Qxe2 b5 20. Nb2 Qe5 21.
Rf1 a6 22. Nd3 Qe4 23. Nxb4 Qxb4 24. Rc1 Rac8 25. Rxc8 Rxc8 26. Qd3 Qe1+ 27. Kh2
Qc3 28. Qd7 Qc7+ 29. Qxc7 Rxc7 0-1